| 000 | 00684 a2200217 4500 | ||
|---|---|---|---|
| 999 |
_c96212 _d96212 |
||
| 005 | 20191115150256.0 | ||
| 008 | 190712b ||||| |||| 00| 0 eng d | ||
| 020 | _a9781316611005 | ||
| 040 | _aNALT | ||
| 090 |
_aKF 43 _bP43 2017 |
||
| 100 | 1 |
_aPerry, Michael J. _940980 |
|
| 245 | 1 | 2 |
_aA global political morality : _bhuman rights, democracy, and constitutionalism / _cMichael J. Perry. |
| 250 | _a1st ed. | ||
| 260 |
_aNew York : _bCambridge University Press, _c2017. |
||
| 300 |
_a197 p. ; _c23 cm. |
||
| 650 | 0 |
_938258 _aHuman rights _xMoral and ethical aspects |
|
| 650 | 0 |
_940981 _aCivil rights _zUnited States |
|
| 850 | _aNALT | ||
| 942 |
_2local _cLB |
||